00849nam a2200253 a 4500999001300000001000500013003000900018005001700027008004100044020001500085040004300100082001600143100002000159245007300179250001300252260004500265300004600310504005300356650001800409700001800427700002400445942001200469952011400481 c625d6258098BD-DhUAP20200126110953.0200126s2002 ii a b 001 0 eng d a8178086190 aDLCcBD-DhUAPdBD-DhUAPdBD-DhAALbEng00a306 EMB2231 aEmber, Carol R.00aAnthropology /cCarol R. Ember, Melvin Ember and Peter N. Peregrine. a10th ed. aNew Delhi :bPearson Education, cc2002. axix, 645 pages :billustrations ;c26 cm. aIncludes bibliographical references and indexes. 0aAnthropology.1 aEmber, Melvin1 aPeregrine, Peter N. 2ddccBK 00102ddc4070aUAPCLbUAPCLcGeneral Stacksd2020-01-26o306 EMBp3010008098r2020-01-26t1w2020-01-26yBK